书目信息 |
| 书名: | DON'T MAKE ME STOP THIS CAR! | |
| 作者: | Al Roker | |
| 分册号: | ||
| 分册名: | 出版地: | New York |
|
| 出版社: | United states of America | |
| 出版时间: | 2000 | |
| 页数: | 252p | |
| 开本: | 20cm | |
| 丛书名: | ||
| 中图分类号: | ||
| 科图分类号: | ||
| 其他分类号: | TS976.33 | |
| 主题词: | ||
| 电子资源: | ||
| 000 | 00495nam0 2200181 450 | |
| 001 | 052012181336 | |
| 005 | 20121126140820.0 | |
| 008 | 20021229d1997 em y0chiy0121 ea | |
| 020 | @a978-0-6848-6894-3@c$12.00 | |
| 041 | @aeng | |
| 091 | @aTS976.33 | |
| 099 | @dTS976.33@eA3164 | |
| 245 | 10 | @aDON'T MAKE ME STOP THIS CAR! @cAl Roker |
| 260 | @aNew York@bUnited states of America@c2000 | |
| 300 | @a252p@c20cm | |
| 521 | @aDON'T MAKE ME STOP THIS CAR! | |
| 905 | @b12597 | |
| 905 | @aTSG@dTS976.33@eA3164 | |
| DON'T MAKE ME STOP THIS CAR! / Al Roker .-New York : United states of America , 2000 |
| 252p ; 20cm |
| DON'T MAKE ME STOP THIS CAR! |
| ISBN 978-0-6848-6894-3$12.00 |
| ● |
| 相关链接 |
|
|
|
正题名:DON'T MAKE ME STOP THIS CAR
索取号:TS976.33/A3164
 
预约/预借
| 序号 | 登录号 | 条形码 | 馆藏地/架位号 | 状态 | 备注 |
| 1 | 12597 | 300125978 | 自科库501/400A自科库 33排1列3层/ [索取号:TS976.33/A3164] | 在馆 |